| 000 | 00849nam a22002417a 4500 | ||
|---|---|---|---|
| 999 |
_c1961 _d1961 |
||
| 003 | AR-CdUCM | ||
| 008 | 190228b ||||| |||| 00| 0 spa d | ||
| 040 |
_aMUNICIPALIDAD PROVINCIAL DEL CUSCO _cBIBLIOTECA MUNICIPAL DEL CUSCO |
||
| 082 |
_24ed. _a982 / _bP93 |
||
| 100 |
_aPuiggros, Rodolfo _97169 |
||
| 245 |
_aDe la colonia a la Revolución / _cPuiggros, Rodolfo |
||
| 260 |
_aBuenos Aires : _bSiglo Veinte, _c1957. |
||
| 300 |
_a293 paginas ; _c20cm. |
||
| 500 | _aColonización | ||
| 505 | _aCapitulo I -- Capitulo II -- Capitulo III -- Capitulo IV -- Capitulo V... | ||
| 650 |
_aOrigen Feudal de la Sociedad Argentina _97170 |
||
| 650 |
_aBases economicos-sociales _97171 |
||
| 650 |
_aUn siglo de encantamiento _97172 |
||
| 650 |
_aHistoria _9136 |
||
| 700 |
_aPuiggros, Rodolfo _97169 |
||
| 942 |
_2ddc _cLIBROS |
||
| 945 |
_apjha _d2019-02-28 |
||